00750nam a2200193Ia 4500008004100000020001800041041000800059082001500067100002300082245010900105250001200214260002200226300000800248365001600256700002300272906006000295999001900355952018200374230718s9999 xx 000 0 und d a9788130934181 aeng a155.2bBAR aBarrett J.9108224 aAptitude, Personality And Motivation Tests bAnalyse Your Talents And Personality, And Plan Your Career  a3rd ed. c2016bSource Book a244 cRs.b250.00 aBarrett J.9108224 dO:0360507-Oct-2016B:SE/SI/338203-Oct-2016cGENRLb312.5 c343457d343457 00104070aCCEPbCCEPd2016-10-15eSuyog EnterprisesfGENRLg187.50iSE/SI/3382l1o155.2pCCEP-BK-54664r2023-10-04 00:00:00s2023-09-21t312.5v250.00w2016-10-03yBKz054664